[Event "GBR-ch 65+ 106th"]
[Site "Torquay"]
[Date "2019.07.31"]
[Round "3"]
[White "Walkowiak, Adam"]
[Black "Skinner, Nicholas H"]
[Result "1-0"]
[WhiteElo "1698"]
[BlackElo "1905"]
[PlyCount "95"]
[EventDate "2019.07.29"]
[EventType "swiss"]
[EventRounds "7"]
[EventCountry "ENG"]
[SourceTitle "EXT 2020"]
[Source "ChessBase"]
[SourceDate "2019.10.17"]
[SourceVersion "1"]
[SourceVersionDate "2019.10.17"]
[SourceQuality "1"]

1. d4 Nf6 2. c4 e6 3. Nc3 Bb4 4. e3 0-0 5. Bd3 d5 6. Nge2 dxc4 7. Bxc4 c5 8. 0-0 Nc6 9. a3 Bxc3 10. bxc3 Na5 11. Ba2 Qc7 12. Bb2 c4 13. Ng3 b6 14. e4 Bb7 15. Re1 Qf4 16. f3 Rfd8 17. Bc1 Qh4 18. Be3 Nd7 19. Qd2 h6 20. Rab1 Nc5 21. Qe2 Ncb3 22. e5 Rac8 23. Rb2 Qe7 24. Bb1 f5 25. Nh5 Qf7 26. f4 b5 27. g4 Nc6 28. gxf5 exf5 29. Kf2 Ne7 30. Rg1 g6 31. Nf6+ Kh8 32. Qf1 Nd5 33. Qh3 Nxf6 34. exf6 Qh7 35. Bxf5 gxf5 36. Rg7 Qxg7 37. fxg7+ Kxg7 38. Qxf5 Rf8 39. Qe5+ Rf6 40. Rb1 Kf7 41. Qxb5 Rc7 42. Rg1 Be4 43. Qb8 Rb7 44. Qg8+ Ke7 45. Rg7+ Kd6 46. Rxb7 Bxb7 47. Qb8+ Kc6 48. d5+ 1-0

[Event "GBR-ch 65+ 106th"]
[Site "Torquay"]
[Date "2019.07.30"]
[Round "2"]
[White "Walkowiak, Adam"]
[Black "Collins, Peter M"]
[Result "1/2-1/2"]
[WhiteElo "1698"]
[BlackElo "1868"]
[PlyCount "104"]
[EventDate "2019.07.29"]
[EventType "swiss"]
[EventRounds "7"]
[EventCountry "ENG"]
[SourceTitle "EXT 2020"]
[Source "ChessBase"]
[SourceDate "2019.10.17"]
[SourceVersion "1"]
[SourceVersionDate "2019.10.17"]
[SourceQuality "1"]

1. d4 Nf6 2. c4 g6 3. Nc3 Bg7 4. e4 d6 5. Be2 0-0 6. Bg5 h6 7. Be3 Nbd7 8. Qd2 Kh7 9. h3 e5 10. dxe5 Nxe5 11. f4 Nc6 12. Nf3 Qe7 13. Bd3 Bd7 14. 0-0-0 Nb4 15. Bb1 Bc6 16. Nd5 Bxd5 17. exd5 a5 18. Rhe1 Qd7 19. Bd4 Ne8 20. a3 Na6 21. f5 Bxd4 22. fxg6+ fxg6 23. Nxd4 Qf7 24. Ne6 Rg8 25. Rf1 Qe7 26. Rde1 Ng7 27. Qc2 Nxe6 28. Rxe6 Qg5+ 29. Qd2 Qxd2+ 30. Kxd2 Rg7 31. Rxg6 Rxg6 32. Rf7+ Kg8 33. Bxg6 Rf8 34. Rxf8+ Kxf8 35. Kc3 Ke7 36. Bf5 Nc5 37. b4 axb4+ 38. axb4 Na4+ 39. Kb3 Nb6 40. Be4 Nd7 41. Kc3 b6 42. Kd4 Kf6 43. Bd3 Kg5 44. g3 Kf6 45. Ke4 Ne5 46. Be2 Nd7 47. h4 Ne5 48. Kd4 Kf5 49. c5 bxc5+ 50. bxc5 dxc5+ 51. Kxc5 Ke4 52. Bh5 Nd3+ 1/2-1/2

[Event "GBR-ch Soanes op 106th"]
[Site "Torquay"]
[Date "2019.07.26"]
[Round "1"]
[White "Woolacott, Rob"]
[Black "Walkowiak, Adam"]
[Result "0-1"]
[WhiteElo "1492"]
[BlackElo "1698"]
[PlyCount "84"]
[EventDate "2019.07.26"]
[EventType "swiss"]
[EventRounds "5"]
[EventCountry "ENG"]
[SourceTitle "EXT 2021"]
[Source "ChessBase"]
[SourceDate "2020.10.23"]
[SourceVersion "1"]
[SourceVersionDate "2020.10.23"]
[SourceQuality "1"]

1. Nf3 Nf6 2. d4 c5 3. c3 e6 4. h3 Nc6 5. Bf4 Qb6 6. b3 cxd4 7. Nxd4 Nxd4 8. Qxd4 Bc5 9. Qe5 Bxf2+ 10. Kd1 Bc5 11. Qg5 0-0 12. Be5 Be7 13. Nd2 d5 14. c4 Qd8 15. Kc2 Ne8 16. Qh5 Bf6 17. Nf3 Bxe5 18. Qxe5 Qf6 19. e3 Qxe5 20. Nxe5 Nf6 21. Be2 b6 22. Bf3 Bb7 23. Rad1 Rac8 24. Rd4 Rc7 25. Rhd1 g6 26. Kb2 Rfc8 27. g4 g5 28. h4 h6 29. hxg5 hxg5 30. Rh1 Kg7 31. Rh3 Nd7 32. Nxd7 Rxd7 33. Rd2 Rh8 34. Rxh8 Kxh8 35. e4 d4 36. Rh2+ Kg7 37. Kc2 Kf6 38. Rh5 Ke5 39. Kd3 Kf4 40. Rh3 f5 41. gxf5 exf5 42. Bh1 Bxe4+ 0-1

[Event "SCO-ch 126th"]
[Site "Edinburgh"]
[Date "2019.07.14"]
[Round "9"]
[White "Smith, Sarah E"]
[Black "Walkowiak, Adam"]
[Result "0-1"]
[WhiteElo "1454"]
[BlackElo "1698"]
[PlyCount "61"]
[EventDate "2019.07.06"]
[EventType "swiss"]
[EventRounds "9"]
[EventCountry "SCO"]
[SourceTitle "EXT 2021"]
[Source "ChessBase"]
[SourceDate "2020.10.23"]
[SourceVersion "1"]
[SourceVersionDate "2020.10.23"]
[SourceQuality "1"]

1. Nf3 Nf6 2. c4 c5 3. Nc3 e6 4. g3 b6 5. Bg2 Bb7 6. 0-0 Be7 7. b3 0-0 8. Bb2 a6 9. Re1 Qc7 10. e4 d6 11. d4 cxd4 12. Nxd4 Nbd7 13. Qe2 Rac8 14. Rac1 Rfe8 15. Qd2 Qb8 16. Ba3 Qa8 17. f4 Nc5 18. Bxc5 bxc5 19. Nc2 Rcd8 20. Rcd1 Rd7 21. e5 dxe5 22. Qe2 Bxg2 23. Qxg2 Qxg2+ 24. Kxg2 Rxd1 25. Rxd1 exf4 26. gxf4 Rd8 27. Rc1 Rd2+ 28. Kh3 h5 29. Ne1 Ng4 30. Kg3 f5 31. Ne2 0-1

[Event "SCO-ch 126th"]
[Site "Edinburgh"]
[Date "2019.07.12"]
[Round "7"]
[White "Walkowiak, Adam"]
[Black "Robinson, Stephen"]
[Result "0-1"]
[WhiteElo "1698"]
[BlackElo "1788"]
[PlyCount "80"]
[EventDate "2019.07.06"]
[EventType "swiss"]
[EventRounds "9"]
[EventCountry "SCO"]
[SourceTitle "EXT 2021"]
[Source "ChessBase"]
[SourceDate "2020.10.23"]
[SourceVersion "1"]
[SourceVersionDate "2020.10.23"]
[SourceQuality "1"]

1. d4 e6 2. c4 f5 3. Nc3 Nf6 4. Bf4 d6 5. e3 Be7 6. Bd3 0-0 7. Nf3 Qe8 8. Nb5 Qd8 9. Qc2 a6 10. Nc3 Nc6 11. a3 Qe8 12. 0-0-0 Bd8 13. h3 e5 14. dxe5 dxe5 15. Bxf5 exf4 16. exf4 Bxf5 17. Qxf5 Ne7 18. Qe6+ Qf7 19. Ng5 Qxe6 20. Nxe6 Re8 21. g4 Kf7 22. f5 g6 23. Rhe1 gxf5 24. g5 Nfg8 25. Rd7 Kg6 26. Nxc7 Bxc7 27. Rxc7 Rac8 28. Rxc8 Rxc8 29. b3 Kxg5 30. h4+ Kxh4 31. Rh1+ Kg5 32. Rxh7 b5 33. f4+ Kxf4 34. Rh4+ Ke5 35. Ne2 Nf6 36. Rd4 Nc6 37. Rf4 Ne4 38. Kb2 bxc4 39. bxc4 Rb8+ 40. Ka1 Nd4 0-1

[Event "SCO-ch 126th"]
[Site "Edinburgh"]
[Date "2019.07.07"]
[Round "2"]
[White "Walkowiak, Adam"]
[Black "Ridge, Michael"]
[Result "0-1"]
[WhiteElo "1698"]
[BlackElo "1873"]
[PlyCount "84"]
[EventDate "2019.07.06"]
[EventType "swiss"]
[EventRounds "9"]
[EventCountry "SCO"]
[SourceTitle "CBM 191 Extra"]
[Source "ChessBase"]
[SourceDate "2019.09.30"]
[SourceVersion "1"]
[SourceVersionDate "2019.09.30"]
[SourceQuality "1"]

1. d4 Nf6 2. c4 Nc6 3. d5 Ne5 4. h4 Nxc4 5. e4 Nb6 6. Nc3 e5 7. a3 Be7 8. g3 d6 9. Be2 c6 10. h5 h6 11. Be3 Bd7 12. Rc1 cxd5 13. exd5 Rc8 14. b3 Nbxd5 15. Nxd5 Qa5+ 16. Nb4 0-0 17. Kf1 Qxa3 18. Rxc8 Rxc8 19. Qd2 Ne4 20. Qe1 Qxb3 21. Nf3 Nc3 22. Nd3 Nxe2 23. Qxe2 e4 24. Nd4 Qxd3 25. Kg2 Qxe2 26. Nxe2 Bg4 27. Nd4 Bf6 28. Ra1 Bf3+ 29. Kf1 Rc4 30. Nxf3 Bxa1 31. Nd2 Ra4 32. Nb3 Bf6 33. Ke2 Ra2+ 34. Kd1 a5 35. Nc1 Ra1 36. Kc2 a4 37. g4 b5 38. Ne2 b4 39. Nd4 b3+ 40. Kb2 Ra2+ 41. Kb1 Bxd4 42. Bxd4 a3 0-1

[Event "SCO-ch 124th"]
[Site "Dundee"]
[Date "2017.07.21"]
[Round "7"]
[White "Dunn, Alan Stephan"]
[Black "Walkowiak, Adam"]
[Result "1-0"]
[WhiteElo "2039"]
[BlackElo "1705"]
[PlyCount "95"]
[EventDate "2017.07.15"]
[EventType "swiss"]
[EventRounds "9"]
[EventCountry "SCO"]
[SourceTitle "CBM 179 Extra"]
[Source "ChessBase"]
[SourceDate "2017.08.23"]
[SourceVersion "1"]
[SourceVersionDate "2017.08.23"]
[SourceQuality "1"]

1. d4 Nf6 2. Bf4 d5 3. e3 e6 4. c3 c5 5. Nd2 Nc6 6. Ngf3 Bd6 7. Bg3 Qe7 8. Ne5 Bxe5 9. dxe5 Nd7 10. f4 0-0 11. Bd3 d4 12. exd4 cxd4 13. Qh5 f5 14. exf6 Nxf6 15. Qe2 dxc3 16. bxc3 Bd7 17. Rc1 Rac8 18. 0-0 Kh8 19. Ne4 Nxe4 20. Qxe4 g6 21. Kh1 Qf6 22. Qe1 a6 23. Bh4 Qf7 24. Bg5 Ne7 25. Bh6 Rg8 26. Qe5+ Rg7 27. Bxg7+ Qxg7 28. Rfe1 Kg8 29. Qxg7+ Kxg7 30. c4 Kf6 31. g4 Nc6 32. g5+ Kg7 33. Be4 Kf7 34. Rb1 Rc7 35. Red1 Ke7 36. h4 Na5 37. h5 Kf7 38. hxg6+ hxg6 39. c5 Nc6 40. Kh2 Nd8 41. Kg3 Nc6 42. Rb6 Nd8 43. Rbd6 Ke7 44. Bxg6 Nc6 45. Be4 Be8 46. Rh1 Nd8 47. Rh7+ Nf7 48. g6 1-0

[Event "SCO-ch 124th"]
[Site "Dundee"]
[Date "2017.07.18"]
[Round "4"]
[White "Walkowiak, Adam"]
[Black "Irving, Neil"]
[Result "0-1"]
[WhiteElo "1705"]
[BlackElo "1889"]
[PlyCount "64"]
[EventDate "2017.07.15"]
[EventType "swiss"]
[EventRounds "9"]
[EventCountry "SCO"]
[SourceTitle "CBM 179 Extra"]
[Source "ChessBase"]
[SourceDate "2017.08.23"]
[SourceVersion "1"]
[SourceVersionDate "2017.08.23"]
[SourceQuality "1"]

1. c4 f5 2. g3 Nf6 3. Nc3 e6 4. Bg2 Be7 5. d3 0-0 6. Nf3 d5 7. 0-0 e5 8. e4 Nc6 9. b3 Qe8 10. Nxd5 Bd8 11. Bg5 fxe4 12. Bxf6 exf3 13. Bxd8 fxg2 14. Kxg2 Qxd8 15. f4 Ne7 16. Qe2 Nxd5 17. cxd5 exf4 18. gxf4 Bf5 19. Rac1 Qd7 20. Qf3 Rae8 21. Rf2 Re7 22. Rfc2 Rfe8 23. Rxc7 Qxc7 24. Rxc7 Rxc7 25. Qh5 g6 26. Qg5 Rc2+ 27. Kf3 Rxh2 28. Qf6 Rhe2 29. Qd4 R8e3+ 30. Qxe3 Rxe3+ 31. Kxe3 Kf7 32. d6 Kf6 0-1

[Event "SCO-ch 124th"]
[Site "Dundee"]
[Date "2017.07.16"]
[Round "2"]
[White "Walkowiak, Adam"]
[Black "Orr, Mark JL"]
[Result "1/2-1/2"]
[WhiteElo "1705"]
[BlackElo "2140"]
[PlyCount "156"]
[EventDate "2017.07.15"]
[EventType "swiss"]
[EventRounds "9"]
[EventCountry "SCO"]
[SourceTitle "CBM 179 Extra"]
[Source "ChessBase"]
[SourceDate "2017.08.23"]
[SourceVersion "1"]
[SourceVersionDate "2017.08.23"]
[SourceQuality "1"]

1. c4 Nf6 2. g3 c6 3. Bg2 d5 4. Nf3 Bg4 5. 0-0 e6 6. d3 Nbd7 7. b3 Be7 8. Bb2 0-0 9. Nbd2 a5 10. Qc2 a4 11. bxa4 Qa5 12. Bc3 Qxa4 13. Qxa4 Rxa4 14. Rfb1 b6 15. h3 Bxf3 16. Bxf3 Rc8 17. e3 h6 18. Bd1 Ra3 19. Rb3 Rca8 20. Rxa3 Rxa3 21. Bb3 Nc5 22. Bb4 Ra7 23. Bxc5 Bxc5 24. d4 Ba3 25. Rd1 b5 26. c5 Bb4 27. f3 e5 28. Kf2 exd4 29. exd4 g6 30. Nf1 Nh5 31. Ne3 Nf6 32. Nc2 Ba5 33. Rd3 Kf8 34. Re3 Ne8 35. Rd3 Ng7 36. Rd1 Ne6 37. Rd3 h5 38. h4 Kg7 39. Rd1 Kf6 40. Rd3 Ke7 41. Rd1 Kd7 42. Ke3 Ra8 43. Rd3 Ng7 44. Kf2 Nf5 45. Ne3 Ng7 46. Nc2 Bc7 47. Ne3 f5 48. Ng2 f4 49. g4 hxg4 50. fxg4 Ne6 51. Kf3 g5 52. h5 Nf8 53. Ne1 Nh7 54. Rd2 Ba5 55. Re2 Bxe1 56. Rxe1 Nf6 57. Re5 Ne4 58. Bxd5 Nd2+ 59. Ke2 cxd5 60. Rxd5+ Kc6 61. Rd6+ Kc7 62. Kxd2 Rxa2+ 63. Ke1 Rg2 64. d5 Rxg4 65. Ra6 Rh4 66. h6 g4 67. Rg6 g3 68. Rg7+ Kd8 69. h7 Rh1+ 70. Ke2 g2 71. Rxg2 Rxh7 72. Rg5 Rh3 73. Rf5 Rc3 74. c6 b4 75. Kd2 Rc4 76. Rf8+ Ke7 77. Rf5 Rd4+ 78. Kc2 Rc4+ 1/2-1/2